| 000 | 01261cam a2200349 i 4500 | ||
|---|---|---|---|
| 001 | 4191099 | ||
| 003 | ARRUPE | ||
| 005 | 20131219144751.0 | ||
| 008 | 800918s1981 enk b 001 0 eng | ||
| 010 | _a 80040673 | ||
| 015 | _aGB80 | ||
| 020 |
_a0198269196 (Oxford University Press) : _c£25.00 |
||
| 040 |
_aDLC _cDLC _dDLC |
||
| 043 | _ae------ | ||
| 050 | 0 | 0 |
_aBX1361 _b.C45 |
| 082 | 0 | 0 |
_a262/.13/09033 _219 |
| 100 | 1 |
_aChadwick, Owen. _96060 |
|
| 245 | 1 | 4 |
_aThe Popes and European revolution / _cOwen Chadwick. |
| 260 |
_aOxford : _bClarendon Press ; _aNew York : _bOxford University Press, _c1981. |
||
| 300 |
_aix, 646 p. ; _c25 cm. |
||
| 440 | 0 |
_aOxford history of the Christian Church _96061 |
|
| 500 | _aIncludes index. | ||
| 504 | _aBibliography: p. [614]-631. | ||
| 610 | 2 | 0 |
_aCatholic Church _zEurope _xHistory. _96062 |
| 650 | 0 |
_aPapacy _xHistory _y1566-1799. _96063 |
|
| 650 | 0 |
_aPapacy _xHistory _y19th century. _96064 |
|
| 651 | 0 |
_aEurope _xPolitics and government _y18th century. _96065 |
|
| 651 | 0 |
_aEurope _xPolitics and government _y1789-1900. _96066 |
|
| 856 | 4 | 2 |
_3Publisher description _uhttp://www.loc.gov/catdir/enhancements/fy0606/80040673-d.html |
| 906 |
_a7 _bcbc _corignew _du _eocip _f19 _gy-gencatlg |
||
| 942 |
_2lcc _cMONOGRAPH |
||
| 999 |
_c119383 _d119383 |
||